Developing experiential learning programs for professional education /

Bibliographic Details
Other Authors: Byrne, Eugene T., Wolfe, Douglas E.
Format: Book
Language:English
Published: San Francisco : Jossey-Bass, [1980]
Series:New directions for experiential learning ; no. 8.
Subjects:

MARC

Tag First Indicator Second Indicator Subfields
LEADER 00000cam a2200000 a 4500
001 in00000089105
005 20151008065306.0
008 811102s1980 cauk b 00000 eng
010 |a  78092026  
035 |a (OCoLC)06757480 
035 |9 AAK5697AM 
039 0 |a 2  |b 3  |c 3  |d 3  |e 3 
040 |a DLC  |c DLC  |d TXA  |d UtOrBLW 
049 |a TXAM  |c [1196761] 
050 0 0 |a LC1059  |b .D45 
082 0 |a 378/.013  |2 19 
245 0 0 |a Developing experiential learning programs for professional education /  |c Eugene T. Byrne, Douglas E. Wolfe, guest editors. 
264 1 |a San Francisco :  |b Jossey-Bass,  |c [1980] 
264 4 |c ©1980 
300 |a xii, 108 pages :  |b forms ;  |c 24 cm. 
336 |a text  |b txt  |2 rdacontent 
337 |a unmediated  |b n  |2 rdamedia 
338 |a volume  |b nc  |2 rdacarrier 
490 1 |a New directions for experiential learning,  |v no. 8 
504 |a Includes bibliographies and index. 
505 0 |a Developing professional competence in the applied behavioral sciences / Donald M. Wolfe -- Experiential learning in professional education / James F. Wolf -- A conceptual approach to legal education / Dean C. Boyack --An experiential MBA program / Douglas E. Wolfe, Eugene T. Byrne -- Three types of experiential learning / F. Gerald Brown -- The impact of identity, competence, and power issues in professional education program design / John Nalbandian -- Evaluating clinical work at SMU Law School / Roark M. Reed --Dilemmas in experiential learning programs / Bill Joiner -- Conclusions: Themes and implications for professional education / Eugene T. Byrne, Douglas E. Wolfe. 
650 0 |a Professional education. 
700 1 |a Byrne, Eugene T. 
700 1 |a Wolfe, Douglas E. 
830 0 |a New directions for experiential learning ;  |v no. 8. 
999 |a MARS 
999 f f |s 54f97dc3-aed3-3f4c-b328-3078e82ac2d3  |i b5eea020-d285-3c00-be01-88fa0a302fc9  |t 0 
952 f f |p normal  |a Texas A&M University  |b College Station  |c Sterling C. Evans Library  |d Evans: Library Stacks  |t 0  |e LC1059 .D45  |h Library of Congress classification  |i unmediated -- volume  |m A14806163641 
998 f f |a LC1059 .D45  |t 0  |l Evans: Library Stacks